| 000 | 00417nam a22001451a 4500 | ||
|---|---|---|---|
| 082 |
_aM1 _bKRI/T |
||
| 100 |
_aKrishnan Nair C _974625 |
||
| 245 |
_aTheranjedutha kavithakal/ _cby Krishnan Nair C |
||
| 260 |
_aKottayam: _bSahitya Pravartaka Co-operative Society, _c1982. |
||
| 300 | _a158p. | ||
| 650 |
_aPoetry Malayalam _974626 |
||
| 650 |
_aLiterature Malayalam _974627 |
||
| 650 |
_aLiterature _974628 |
||
| 942 | _cBK | ||
| 999 |
_c46849 _d46849 |
||